Normal view
MARC view
- Folklore
Entry Topical Term
001 - CONTROL NUMBER
- control field: 5330
003 - CONTROL NUMBER IDENTIFIER
- control field: NUST
005 - DATE AND TIME OF LATEST TRANSACTION
- control field: 20171011102344.0
008 - FIXED-LENGTH DATA ELEMENTS
- fixed length control field: 171011|| aca||aabn | a|a d
040 ## - CATALOGING SOURCE
- Original cataloging agency: NUST
- Transcribing agency: NUST
150 ## - HEADING--TOPICAL TERM
- Topical term or geographic name entry element: Folklore
- Geographic subdivision: Pakistan
- Form subdivision: Encyclopedias.
670 ## - SOURCE DATA FOUND
- Source citation: Work cat.: (NUST)0: Pākistān kā s̲aqāfatī insaʼīklopīdiyā Sarhad /, 2005
